<?xml version="1.0" encoding="UTF-8"?>
<record
    xmlns:xsi="http://www.w3.org/2001/XMLSchema-instance"
    xsi:schemaLocation="http://www.loc.gov/MARC21/slim http://www.loc.gov/standards/marcxml/schema/MARC21slim.xsd"
    xmlns="http://www.loc.gov/MARC21/slim">

  <leader>01372nam a22002537a 4500</leader>
  <controlfield tag="005">20170124103044.0</controlfield>
  <datafield tag="010" ind1=" " ind2=" ">
    <subfield code="a">B-256958</subfield>
  </datafield>
  <datafield tag="020" ind1=" " ind2=" ">
    <subfield code="c">250.00</subfield>
    <subfield code="a">8190225715</subfield>
  </datafield>
  <datafield tag="037" ind1=" " ind2=" ">
    <subfield code="b">Cen Lib/Ret</subfield>
  </datafield>
  <datafield tag="040" ind1=" " ind2=" ">
    <subfield code="a">DPL</subfield>
    <subfield code="b">HN</subfield>
  </datafield>
  <datafield tag="082" ind1=" " ind2=" ">
    <subfield code="a">&#x915; </subfield>
    <subfield code="b">&#x917;&#x94D;&#x930;&#x940;&#x92E;&#x92C;&#x94D;&#x930;</subfield>
  </datafield>
  <datafield tag="100" ind1=" " ind2=" ">
    <subfield code="a">&#x917;&#x94D;&#x930;&#x93F;&#x92E; &#x92C;&#x94D;&#x930;&#x93E;&#x926;&#x930;&#x94D;&#x938;</subfield>
    <subfield code="9">68246</subfield>
  </datafield>
  <datafield tag="245" ind1=" " ind2=" ">
    <subfield code="a">&#x917;&#x94D;&#x930;&#x93F;&#x92E; &#x92C;&#x94D;&#x930;&#x93E;&#x926;&#x930;&#x94D;&#x938; &#x915;&#x940; &#x930;&#x94B;&#x91A;&#x915; &#x915;&#x925;&#x93E;&#x90F;&#x902;  /</subfield>
    <subfield code="c">&#x917;&#x94D;&#x930;&#x93F;&#x92E; &#x92C;&#x94D;&#x930;&#x93E;&#x926;&#x930;&#x94D;&#x938; ; &#x905;&#x928;&#x941;&#x935;&#x93E;&#x926;&#x915; &#x91A;&#x93F;&#x924;&#x94D;&#x930;&#x93E; &#x935;&#x93E;&#x930;&#x947;&#x930;&#x915;&#x930; </subfield>
  </datafield>
  <datafield tag="246" ind1=" " ind2=" ">
    <subfield code="a">Grim brothers ki rochak kathayen</subfield>
    <subfield code="b"> by Grim Brothers ; anuvadak Chitraa Varerkar </subfield>
  </datafield>
  <datafield tag="260" ind1=" " ind2=" ">
    <subfield code="a"> &#x926;&#x93F;&#x932;&#x94D;&#x932;&#x940;</subfield>
    <subfield code="b">&#x938;&#x947;&#x902;&#x91F; &#x91C;&#x94B;&#x91C;&#x93C;&#x92B; &#x92A;&#x92C;&#x94D;&#x932;&#x93F;&#x936;&#x93F;&#x902;&#x917; &#x939;&#x93E;&#x909;&#x938; </subfield>
  </datafield>
  <datafield tag="270" ind1=" " ind2=" ">
    <subfield code="a">&#x938;&#x941;&#x926;&#x947;&#x936; &#x935;&#x93F;&#x932;&#x93E; &#x92C;&#x940; -71, &#x921;&#x940; &#x921;&#x940; &#x90F; &#x915;&#x949;&#x932;&#x94B;&#x928;&#x940; &#x935;&#x947;&#x938;&#x94D;&#x91F; &#x917;&#x94C;&#x930;&#x916; &#x92A;&#x93E;&#x930;&#x94D;&#x915; &#x936;&#x93E;&#x939;&#x926;&#x930;&#x93E; </subfield>
    <subfield code="b"> &#x926;&#x93F;&#x932;&#x94D;&#x932;&#x940;</subfield>
    <subfield code="e">110032</subfield>
  </datafield>
  <datafield tag="300" ind1=" " ind2=" ">
    <subfield code="a">208&#x92A;&#x943;&#x937;&#x94D;&#x920;. :</subfield>
    <subfield code="c">20&#x938;&#x947;&#x92E;&#x940;(&#x938;&#x91C;&#x93F;&#x932;&#x94D;&#x926;)</subfield>
    <subfield code="b">&#x91A;&#x93F;&#x924;&#x94D;&#x930;. </subfield>
  </datafield>
  <datafield tag="650" ind1=" " ind2=" ">
    <subfield code="a">&#x939;&#x93F;&#x902;&#x926;&#x940; &#x938;&#x93E;&#x939;&#x93F;&#x924;&#x94D;&#x92F; </subfield>
    <subfield code="9">68247</subfield>
  </datafield>
  <datafield tag="650" ind1=" " ind2=" ">
    <subfield code="a">&#x92C;&#x93E;&#x932; &#x915;&#x939;&#x93E;&#x928;&#x93F;&#x92F;&#x93E;&#x902;-&#x939;&#x93F;&#x902;&#x926;&#x940; &#x915;&#x939;&#x93E;&#x928;&#x940; </subfield>
    <subfield code="9">68248</subfield>
  </datafield>
  <datafield tag="650" ind1=" " ind2=" ">
    <subfield code="a">Hindi literature</subfield>
    <subfield code="9">68249</subfield>
  </datafield>
  <datafield tag="650" ind1=" " ind2=" ">
    <subfield code="a">Children's stories- Hindi Story</subfield>
    <subfield code="9">68250</subfield>
  </datafield>
  <datafield tag="700" ind1=" " ind2=" ">
    <subfield code="a">&#x935;&#x930;&#x947;&#x930;&#x915;&#x930;, &#x91A;&#x93F;&#x924;&#x94D;&#x930;&#x93E; </subfield>
    <subfield code="9">68251</subfield>
  </datafield>
  <datafield tag="942" ind1=" " ind2=" ">
    <subfield code="2">ddc</subfield>
    <subfield code="c">HN</subfield>
    <subfield code="h">&#x915; </subfield>
    <subfield code="m">&#x917;&#x94D;&#x930;&#x93F;&#x92E;&#x92C;&#x94D;&#x930; </subfield>
  </datafield>
  <datafield tag="999" ind1=" " ind2=" ">
    <subfield code="c">116774</subfield>
    <subfield code="d">116774</subfield>
  </datafield>
  <datafield tag="952" ind1=" " ind2=" ">
    <subfield code="0">0</subfield>
    <subfield code="1">0</subfield>
    <subfield code="4">0</subfield>
    <subfield code="7">0</subfield>
    <subfield code="a">L</subfield>
    <subfield code="b">L</subfield>
    <subfield code="d">2015-08-25</subfield>
    <subfield code="e">Cen Lib /Ret</subfield>
    <subfield code="g">250.00</subfield>
    <subfield code="l">7</subfield>
    <subfield code="m">1</subfield>
    <subfield code="o">&#x915;  &#x917;&#x94D;&#x930;&#x940;&#x92E;&#x92C;&#x94D;&#x930;</subfield>
    <subfield code="p">B-256958</subfield>
    <subfield code="r">2019-11-03 00:00:00</subfield>
    <subfield code="s">2019-10-17</subfield>
    <subfield code="t">1</subfield>
    <subfield code="v">250.00</subfield>
    <subfield code="w">2015-08-25</subfield>
    <subfield code="y">HN</subfield>
  </datafield>
  <datafield tag="952" ind1=" " ind2=" ">
    <subfield code="0">0</subfield>
    <subfield code="1">0</subfield>
    <subfield code="2">ddc</subfield>
    <subfield code="4">0</subfield>
    <subfield code="7">0</subfield>
    <subfield code="8">FIC</subfield>
    <subfield code="a">BL1</subfield>
    <subfield code="b">BL1</subfield>
    <subfield code="c">GEN</subfield>
    <subfield code="d">2019-01-11</subfield>
    <subfield code="g">250.00</subfield>
    <subfield code="l">0</subfield>
    <subfield code="o">&#x915;  &#x917;&#x94D;&#x930;&#x93F;&#x92E;&#x92C;&#x94D;&#x930;</subfield>
    <subfield code="p">B-256959</subfield>
    <subfield code="r">2019-01-11 00:00:00</subfield>
    <subfield code="v">250.00</subfield>
    <subfield code="w">2019-01-11</subfield>
    <subfield code="y">CH</subfield>
  </datafield>
  <datafield tag="952" ind1=" " ind2=" ">
    <subfield code="0">0</subfield>
    <subfield code="1">0</subfield>
    <subfield code="2">ddc</subfield>
    <subfield code="4">0</subfield>
    <subfield code="7">0</subfield>
    <subfield code="8">FIC</subfield>
    <subfield code="a">YV</subfield>
    <subfield code="b">YV</subfield>
    <subfield code="d">2019-07-19</subfield>
    <subfield code="e">BPPD/PUB</subfield>
    <subfield code="g">250.00</subfield>
    <subfield code="l">1</subfield>
    <subfield code="m">1</subfield>
    <subfield code="o">&#x915;  &#x917;&#x94D;&#x930;&#x93F;&#x92E;&#x92C;&#x94D;&#x930;</subfield>
    <subfield code="p">B-256981</subfield>
    <subfield code="r">2025-10-24 00:00:00</subfield>
    <subfield code="s">2025-09-27</subfield>
    <subfield code="v">250.00</subfield>
    <subfield code="w">2019-07-19</subfield>
    <subfield code="y">HN</subfield>
  </datafield>
  <datafield tag="952" ind1=" " ind2=" ">
    <subfield code="0">0</subfield>
    <subfield code="1">0</subfield>
    <subfield code="2">ddc</subfield>
    <subfield code="4">0</subfield>
    <subfield code="7">0</subfield>
    <subfield code="8">FIC</subfield>
    <subfield code="a">ZLS</subfield>
    <subfield code="b">ZLS</subfield>
    <subfield code="d">2021-10-16</subfield>
    <subfield code="l">1</subfield>
    <subfield code="o">&#x915;  &#x917;&#x94D;&#x930;&#x93F;&#x92E;&#x92C;&#x94D;&#x930;</subfield>
    <subfield code="p">B-256993</subfield>
    <subfield code="r">2023-09-02 00:00:00</subfield>
    <subfield code="s">2023-08-22</subfield>
    <subfield code="v">250.00</subfield>
    <subfield code="w">2021-10-16</subfield>
    <subfield code="y">HN</subfield>
  </datafield>
</record>
